In default of a defence (Record no. 75956)

MARC details
000 -LEADER
fixed length control field 01498cab a2200253 4500
001 - CONTROL NUMBER
control field ##L131126
008 - FIXED-LENGTH DATA ELEMENTS--GENERAL INFORMATION
fixed length control field 051003n2005 000 0 eng u
035 ## - SYSTEM CONTROL NUMBER
System control number (Sirsi) u131126
041 0# - LANGUAGE CODE
Language code of text/sound track or separate title eng
100 1# - MAIN ENTRY--PERSONAL NAME
Personal name Stevens, David
245 00 - TITLE STATEMENT
Title In default of a defence
260 3# - PUBLICATION, DISTRIBUTION, ETC.
Date of publication, distribution, etc. 2005
490 #0 - SERIES STATEMENT
Series statement Estates Gazette
Volume/sequential designation (0538) 24 September 2005, 137(1)
520 ## - SUMMARY, ETC.
Summary, etc. Considers the new power available to landlords to apply to the court for possession pursuant to the Landlord and Tenant Act 1954 s29(2) rather than wait for the tenant to apply for a new tenancy. Such an application is made pursuant to CPR 7 meaning that a tenant must file an acknowledgement of service and a defence. Discusses "Standard Life Investment Funds Ltd v Speciality Retail Group plc" unreported, which explores the issue whether a landlord can obtain judgment in default if the tenant fails to file the above documents and where the judge granted probably the first default judgment in these kind of proceedings.
590 ## - LOCAL NOTE (RLIN)
Local note IKA111005
650 24 - SUBJECT ADDED ENTRY--TOPICAL TERM
Topical term or geographic name entry element LANDLORD AND TENANT ACT 1954 S29(2)
650 24 - SUBJECT ADDED ENTRY--TOPICAL TERM
Topical term or geographic name entry element STANDARD LIFE INVESTMENT FUNDS LTD V SPECIALITY RETAIL GROUP PLC
650 24 - SUBJECT ADDED ENTRY--TOPICAL TERM
Topical term or geographic name entry element CIVIL PROCEDURE RULES PART 56
650 24 - SUBJECT ADDED ENTRY--TOPICAL TERM
Topical term or geographic name entry element CIVIL PROCEDURE RULES PART 12
650 24 - SUBJECT ADDED ENTRY--TOPICAL TERM
Topical term or geographic name entry element CIVIL PROCEDURE RULES PART 7
650 24 - SUBJECT ADDED ENTRY--TOPICAL TERM
Topical term or geographic name entry element LANDLORD AND TENANT ACT 1954 S29(4)(A)
690 ## - LOCAL SUBJECT ADDED ENTRY--TOPICAL TERM (OCLC, RLIN)
Topical term or geographic name as entry element PROPERTY-COMMERCIAL PROPERTY-LEASEHOLD COMMERCIAL PROPERTY-COMMERCIAL LANDLORD AND TENANT-COMMERCIAL LEASES-COMMERCIAL LEASEHOLDERS
942 ## - ADDED ENTRY ELEMENTS (KOHA)
Suppress in OPAC 0
Holdings
Withdrawn status Lost status Source of classification or shelving scheme Damaged status Not for loan Home library Current library Shelving location Date acquired Total Checkouts Full call number Barcode Date last seen Copy number Price effective from Koha item type
    Dewey Decimal Classification     London London Journal article 03/10/2005   L131126 131126-1001 06/08/2019 1 06/08/2019 Journal article